000 00417nam a2200169Ia 4500
003 GCL
008 140319s9999 xx 000 0 eng d
040 _aGCL /
_cGCL
082 0 4 _a181.07
_bA A
100 1 _aARKOUN, MOHAMED
245 1 0 _aARAB THOUGHT /
_cARKOUN, MOHAMED
260 _a[S.N] :
_bCHAND AND COMPAY ،
_c1988
300 _a107 P
650 0 4 _aTHOUGHT - THINKING
650 0 4 _aARABS
942 _2ddc
_cBK
999 _c10464
_d10464